| 000 | 00568nam a22002057a 4500 | ||
|---|---|---|---|
| 003 | OSt | ||
| 005 | 20220107122737.0 | ||
| 008 | 140419b xxu||||| |||| 00| 0 eng d | ||
| 020 | _a9788120342415 | ||
| 040 | _cIIITM-K | ||
| 082 | _a005.133J MAT/C | ||
| 100 |
_aMatha, Mahesh P _94180 |
||
| 245 |
_aCore Java: _bA comprehensive study _cby Mahesh P Matha |
||
| 260 |
_aNea Delhi, _bPHI Learning, _c2011. |
||
| 300 | _axxiii, 788p. | ||
| 650 |
_aCOMPUTER SCIENCE _94181 |
||
| 650 |
_aPROGRAMMING LANGUAGES _94182 |
||
| 650 |
_aJAVA PROGRAMMING _94183 |
||
| 942 |
_2ddc _cBK |
||
| 999 |
_c3860 _d3860 |
||